Sports Quiz

Random Sports Quiz

2010 top 3 passing leaders per team Quiz Stats

 Plays Quiz not verified by Sporcle

Challenge
Share
Tweet
Embed
Score 0/81 Timer 12:00
0 Plays Today
Team Player % Correct
NETom Brady
100%
MIAChad Henne
100%
ColtsPeyton Manning
98.8%
TexansMatt Schaub
98.8%
GiantsEli Manning
98.8%
NYJMark Sanchez
97.6%
NYJBrad Smith
97.6%
BALJoe Flacco
97.6%
PITBen Roethlisberger
97.6%
BenegalsCarson Palmer
97.6%
BenegalsJordan Palmer
97.6%
TitansKerry Collins
97.6%
TitansRusty Smith
97.6%
ChiefsMatt Cassel
97.6%
ChargersPhilip Rivers
97.6%
EaglesMichael Vick
97.6%
CowboysJon Kitna
97.6%
CowboysTony Romo
97.6%
RedskinsDonovan McNabb
97.6%
BearsTodd Collins
97.6%
VikingsBrett Favre
97.6%
SaintsDrew Brees
97.6%
49ersAlex Smith
97.6%
49ersTroy Smith
97.6%
JaguarsDavid Garrard
96.5%
BroncosKyle Orton
96.5%
EaglesKevin Kolb
96.5%
Team Player % Correct
RedskinsRex Grossman
96.5%
BearsJay Cutler
96.5%
PackersAaron Rodgers
96.5%
VikingsTarvaris Jackson
96.5%
BrownsColt McCoy
95.3%
TitansVince Young
95.3%
LionsMatthew Stafford
95.3%
FalconsMatt Ryan
95.3%
SeahawksMatt Hasselbeck
95.3%
BUFRyan Fitzpatrick
94.1%
RaidersJason Campbell
94.1%
LionsShaun Hill
94.1%
RamsSam Bradford
94.1%
CardinalsDerek Anderson
94.1%
BrownsJake Delhomme
92.9%
BroncosTim Tebow
92.9%
BUFTrent Edwards
91.8%
JaguarsTrent Edwards
91.8%
MIAChad Pennington
90.6%
BuccaneersJosh Freeman
90.6%
PanthersJimmy Clausen
90.6%
PITCharlie Batch
85.9%
PanthersMatt Moore
84.7%
VikingsJoe Webb
83.5%
PITDennis Dixon
82.4%
SeahawksCharlie Whitehurst
82.4%
NYJMark Brunell
80%
Team Player % Correct
RaidersBruce Gradkowski
80%
PackersMatt Flynn
80%
BrownsSeneca Wallace
78.8%
MIATyler Thigpen
71.8%
CardinalsMax Hall
69.4%
BuccaneersJosh Johnson
67.1%
CardinalsJohn Skelton
67.1%
LionsDrew Stanton
65.9%
ChiefsBrodie Croyle
54.1%
NEBrian Hoyer
52.9%
ChargersBilly Volek
50.6%
CowboysStephen McGee
50.6%
BUFBrian Brohm
38.8%
PanthersBrian St. Pierre
38.8%
NYJKellen Clemens
37.6%
FalconsChris Redman
37.6%
BALAnquan Boldin
36.5%
RaidersKyle Boller
32.9%
49ersDavid Carr
32.9%
JaguarsTodd Bouman
29.4%
BearsCaleb Hanie
28.2%
SaintsChase Daniel
28.2%
BuccaneersEarnest Graham
12.9%
ChiefsTyler Palko
11.8%
ChargersMike Scifres
4.7%
BALSam Koch
3.5%
SeahawksMichael Robinson
2.4%

You're not logged in!

Compare scores with friends on all Sporcle quizzes.
Join for Free
OR
Log In

You Might Also Like...

Show Comments

Extras

Created Jan 5, 2011SourceReportNominate
Tags:2010, passing, player, team, yard

Top Quizzes Today


Score Distribution

Your Account Isn't Verified!

In order to create a playlist on Sporcle, you need to verify the email address you used during registration. Go to your Sporcle Settings to finish the process.

Report this User

Report this user for behavior that violates our Community Guidelines.

Details: